Elenca la formazione - Finale Europei 2012 - Statistics

Statistiche generali
  • Questo quiz è stato fatto 173 volte
  • Il punteggio medio è 19 su 22
Statistiche sulle risposte
Ruolo Club dell'epoca Calciatore % Corretto
Portiere Juventus Gianluigi Buffon
100%
Difensore Juventus Giorgio Chiellini
99%
Difensore Juventus Leonardo Bonucci
99%
Difensore Juventus Andrea Barzagli
97%
Centrocampista Juventus Claudio Marchisio
97%
Portiere Real Madrid Iker Casillas
97%
Attaccante Manchester City Mario Balotelli
97%
Difensore Real Madrid Sergio Ramos
97%
Mediano Juventus Andrea Pirlo
96%
Centrocampista Barcellona Xavi
95%
Attaccante Barcellona Andrés Iniesta
94%
Difensore Barcellona Gerard Piqué
92%
Centrocampista Barcellona Sergio Busquets
92%
Centrocampista Roma Daniele De Rossi
90%
Attaccante Milan Antonio Cassano
83%
Attaccante Manchester City David Silva
74%
Centrocampista Real Madrid Xabi Alonso
73%
Centrocampista Fiorentina Riccardo Montolivo
72%
Difensore Milan Ignazio Abate
71%
Difensore Valencia Jordi Alba
57%
Difensore Real Madrid Álvaro Arbeloa
54%
Attaccante Barcellona Cesc Fàbregas
52%
Nessun quiz corrispondente trovato
Distribuzione punteggi
Percentuale di utenti per punteggio
Percentile per numero di risposta
I tuoi punteggi nel tempo
Non hai fatto questo quiz